000
00317nam a22001457a 4500
003
SGT
020
_a
9788119653492
082
_a
150,TAN
100
_a
TANWAR,KAMINI
245
_a
COUNSELLING AND PSYCHOTHERAPY
260
_a
BANGALORE
_b
A & E PUB
_c
2024
300
_a
244
650
_a
PSYCHOLOGY
942
_2
ddc
_c
BK
999
_c
26729
_d
26729